| 000 | 00579nam a22001817a 4500 | ||
|---|---|---|---|
| 082 |
_a625.15136 _bUNI _cL-16, P-29 |
||
| 100 |
_aUS Department of Interior _942556 |
||
| 245 |
_aEarth manual _cUS Department of Interior |
||
| 250 | _aFirst edition | ||
| 260 |
_aUSA _bUS Government Printing office Washington _c1968 |
||
| 300 | _axxviii, 783.p: | ||
| 526 |
_a0 _b0 _c0 _d625_151360000000000_UNI |
||
| 526 |
_a0 _b0 _c0 _d625_151360000000000_UNI |
||
| 526 |
_a0 _b0 _c0 _d625_151360000000000_UNI |
||
| 526 |
_a0 _b0 _c0 _d625_151360000000000_UNI |
||
| 650 |
_aMCE _9379 |
||
| 942 |
_2ddc _cBK |
||
| 999 |
_c546438 _d546438 |
||